《大富翁4》角色 "Rich 4" characters - Statistics

General Stats
  • This quiz has been taken 43 times
  • The average score is 7 of 12
Answer Stats
初登场于 角色 % Correct
大富翁1 阿土伯
92%
大富翁2 钱夫人
84%
大富翁2 孙小美
76%
大富翁3 沙隆巴斯
74%
大富翁4 金贝贝
71%
大富翁3 小丹尼
53%
大富翁4 宫本宝藏
50%
大富翁4 忍太郎
47%
大富翁4 莎拉公主
37%
大富翁4 乌咪
32%
大富翁4 糖糖
32%
大富翁2 约翰乔
29%
No matching quizzes found
Score Distribution
Percent of People with Each Score
Percentile by Number Answered
Your Score History
You have not taken this quiz